000
00277nam a22001217a 4500
008
190205b xxu||||| |||| 00| 0 eng d
041
_a
eng
080
_a
371
100
_a
25
101
_a
EDU
245
_a
Contemporary Schools of Metascience
_c
Radnitzky, G
942
_2
udc
_c
BK
999
_c
53982
_d
53982